00617nam a2200205 a 4500001001300000003000900013005001700022008004100039020002300080082001700103100002100120245006900141260004600210300000900256500003500265505003800300650002800338650002400366700002100390nice12345678IN_TiNIC20260116015058.0050524s1997 amsa grp 000 0 eng  a9053836 c10000a303.625bPET aPettigrew, Joyce aMartyrdom and Political Resistanceb Essays from Asia and Europe aAmsterdambCentre for Asian Studiesc1997 a146p aincludes index and biblioraphy2 aThesis of Philip Hassett, 1994-95 aTerrorism and Martyrdom aMartyrdom-Political1 aPettigrew, Joyce